000
00263nam a2200097Ia 4500
008
241105s9999 xx 000 0 und d
041
_a
eng
100
_a
Pansare Bhagyashree
_9
182582
245
_a
Automobile Museum In Pune
260
_b
Final Year B. Arch, BNCA
_c
2014
999
_c
360873
_d
360873